000 00739cam a2200253 a 4500
001 000007866
005 20200929154328.0
008 770111s1970 sp 000 f spa d
040 _aDO-SdBNP
_cTxSaU
_dPPiU
_dDLC
082 _a863.5
_bP438f
100 1 _aPérez Galdós, Benito,
_d1843-1920
_93681
245 1 3 _aLa fontana de oro /
_cBenito Pérez Galdós.
260 _aMadrid :
_bAlianza,
_c1970.
300 _a394 p. ;
_c18 cm.
490 1 _aLiteratura
490 1 _aLibro de bolsillo
650 4 _aNovela española
_91123
650 4 _aNovela amorosa
_913334
650 4 _aLiteratura española
_9632
830 0 _aLibro de bolsillo.
_pLiteratura
_99889
910 _aCatalogación por copia / LC
910 _aWM
049 _aBNGR
999 _c7644
_d7644